000 00549nam a2200217Ia 4500
003 OSt
005 20220923211742.0
006 a|||||r|||| 00| 0
007 ta
008 Pun
024 _a46,820
037 _cTextual
040 _aARTS
_cARTS
_bPun
041 _2Pun
_aPun
082 _aP, 153H3;K1
100 _aਸਕਸੈਨਾ, ਬਾਬੂ ਰਾਮ
245 0 _aਭਾFਾ ਵਿਗਿਆਨ
260 _c1970
942 _hP, 153H3;K1
_cTEXL
_2CC
999 _c303173
_d303173